Quasiconformal Teichmoller theory

Αποθηκεύτηκε σε:
Λεπτομέρειες βιβλιογραφικής εγγραφής
Κύριος συγγραφέας: Gardiner, Frederick P.
Μορφή: Βιβλίο
Γλώσσα:English
Δημοσίευση: Providence, RI : American Mathematical Society, c2000
Σειρά:Mathematical surveys and monographs ; ; 76
Θέματα:
Ετικέτες: Προσθήκη ετικέτας
Δεν υπάρχουν, Καταχωρήστε ετικέτα πρώτοι!

MARC

LEADER 00000nam a2200000 i 4500
001 1/68647
008 071219s2000 eng d
020 |a 0-8218-1983-6 
035 |l 10093263 
040 |a GR-MY-UA  |b gre  |e aacr 
041 0 |a eng 
082 0 |a 515.93  |2 (22) 
100 1 |a Gardiner, Frederick P. 
245 1 0 |a Quasiconformal Teichmoller theory /  |c Frederick P. Gardiner, Nikola Lakic 
260 |a Providence, RI :   |b American Mathematical Society,   |c c2000 
300 |a xix, 372 σ.;  |b εικ.;  |c 27 εκ. 
490 1 |a Mathematical surveys and monographs  |v ; 76 
504 |a Περιέχει βιβλιογραφικές παραπομπές (σ. 357-367) και ευρετήριο 
650 0 0 |a Teichmuller spaces. 
830 0 |a Mathematical surveys and monographs ;  |v ; 76 
852 |a INST  |b SAMOS  |e 20071219  |h 515.93 GAR  |p 005300027466  |q 005300027466  |t BK  |y 0 
901 |a BIBL3-2007-3 
909 |a Σ  |b 140344 
922 |a 3ΕΛΗ  |b 200711  |c ΕΠΕΑΕΚ2/ΤΜΗΜΑ ΜΑΘΗΜΑΤΙΚΩΝ  |d ΕΛΕΥΘΕΡΟΥΔΑΚΗΣ 
970 |a ΚΟΣΙΕΡΗΣ  |b ΧΡΗΣΤΟΣ  |z 2007/12/19